|
|
|
|
| LEADER |
00000nab a2200000 a 4500 |
| 001 |
vtls010721150 |
| 003 |
SK-MaSNL |
| 005 |
20260304185732.0 |
| 008 |
250709s1998 xo |||||||||||||||||slo| |
| 035 |
|
|
|a (urnnbn)urn:nbn:sk:snk:ar-a04rlu
|
| 035 |
|
|
|a (uuid)8b883d3e-54a3-4139-8425-5d8457b050af
|
| 035 |
|
|
|a urn:nbn:sk:snk-ab3m25
|
| 040 |
|
|
|a SNKBUCL
|b slo
|c SNKBUCL
|e AACR2
|
| 041 |
0 |
|
|a slo
|
| 044 |
|
|
|a xo
|c SK
|
| 100 |
1 |
|
|a Hurňák, Ondrej
|4 aut
|9 283434
|
| 245 |
1 |
0 |
|a CHR. HANSEN - VIAC AKO STOROČIE PARTNER MLIEKAROV
|c Ondrej Hurňák
|
| 773 |
0 |
|
|t Mliekarstvo : bulletin pre internú potrebu výrobcov a spracovateľov mlieka
|g Roč. 29, č. 2 (1998), s. 47-49
|
| 850 |
|
|
|a Slovenská národná knižnica
|
| 852 |
|
|
|a Slovenská národná knižnica
|
| 954 |
|
|
|a odborná, vedecká literatúra pôvodná (slovenská)
|2 lita
|
| 958 |
|
|
|a article1
|
| 958 |
|
|
|a OND
|
| 958 |
|
|
|a EUIPO
|
| 999 |
|
|
|c 3045721
|d 3047651
|